| 000 | 03784cam a2200385 i 4500 | ||
|---|---|---|---|
| 001 | 768714001 | ||
| 003 | CO-MdFUSB | ||
| 005 | 20220411122306.0 | ||
| 007 | ta | ||
| 008 | 130407t2013 mnua b 001 0 eng d | ||
| 020 | _a9780800626839 | ||
| 040 |
_aBTCTA _beng _erda _cCO-MdFUSB _dBDX _dUKMGB _dSTR _dYDXCP _dOXF _dDRU _dLEB _dSP1 _dHNW _dWSL _dP4I _dXPQ _dUtOrBLW |
||
| 041 | _aeng | ||
| 082 |
_223 _a225.92 _bW952 |
||
| 100 | 1 |
_aWright, N. T. _eautor |
|
| 245 | 1 | 0 |
_aPaul and the faithfulness of God / _cN.T. Wright. |
| 264 | 1 |
_aMinneapolis : _bFortress Press, _c[2013] |
|
| 264 | 4 | _c© 2013 | |
| 300 |
_a2 volumes _bIlustraciones ; _c24 cm. |
||
| 336 |
_atexto _btxt _2rdacontent. |
||
| 337 |
_asin mediación _bn _2rdamedia. |
||
| 338 |
_avolumen _bnc _2rdacarrier. |
||
| 490 | _aChristian origins and the question of God ; | ||
| 500 | _aEl Libro 1 contiene la Parte 1: Pablo y su mundo y la Parte 2: La mentalidad del apóstol; el libro 2 contiene la Parte 3: La teología de Pablo y la Parte 4: Pablo en la historia. | ||
| 504 | _aIncluye referencias bibliográficas (páginas 1521-1591) e índices. | ||
| 505 | 0 | 0 |
_gParte I. _tPablo y su mundo. _t¿Regreso del fugitivo? -- _tComo pájaros en lo alto: la fidelidad del Dios de Israel. _tAtenea y su lechuza: la sabiduría de los griegos. _tUn gallo para Asclepio: 'religión' y 'cultura' en el mundo de Pablo -- _tEl águila ha aterrizado: Roma y el desafío del imperio. _gParte II. _tLa mentalidad del apóstol. _t¿Un pajaro en la mano? : la praxis simbólica del mundo de Pablo -- _tLa trama, el plan y la cosmovisión narrada. _tCinco indicadores de la mentalidad apostólica: _gParte III. _tLa teología de Pablo. _tEl único Dios de Israel, recientemente revelado, _tEl pueblo de Dios, recién reelaborado -- _tEl futuro de Dios para el mundo, recién imaginado - _gParte IV. _tPablo en la historia. _tEl león y el águila: Pablo en el imperio de César. _tUn sacrificio diferente: Pablo y la 'religión' -- _tLa locura de Dios: Pablo entre los filósofos. _tConocer el lugar por primera vez : Pablo y su contexto judío -- _tSeñal de la nueva creación: objetivos y logros de Pablo. |
| 520 | 8 | _a"Este texto [v. 4] está impreso en dos secciones de libro: El primer libro comprende las Partes I y II y la portada. El segundo libro tiene las Partes III y IV más bibliografía e índices. Este muy esperado cuarto volumen de dos libros en la serie magistral de NT Wright , Christian Origins and the Question of God, está destinado a convertirse en el punto de referencia estándar sobre el tema para todos los estudiantes serios de la Biblia y la teología. El resumen maduro de un estudio de toda una vida, este libro histórico rinde un rico tributo a la amplitud y profundidad de la visión de los apóstoles, y ofrece una riqueza sin precedentes de ideas detalladas sobre su vida, su época y su impacto perdurable.Wright explora cuidadosamente todo el contexto del pensamiento y la actividad de Pablo: judíos, griegos y romanos, culturales, filosóficos, religiosos e imperiales. --y muestra cómo la cosmovisión y la teología de los apóstoles le permitieron comprometerse con las múltiples complejidades de la vida del siglo I que enfrentaban sus iglesias. ngs de las cartas y otras fuentes primarias, junto con ideas críticas sobre los principales giros y vueltas del debate exegético y teológico en la vasta literatura secundaria. El resultado es un relato completo y profundamente convincente del hombre que se convirtió en el primer y más grande teólogo cristiano del mundo" | |
| 563 | _aRústico | ||
| 600 | 7 |
_aPablo, _cSanto _xTeología |
|
| 600 | 7 |
_aPablo, _cSanto _xCrítica, interpretación, etc. |
|
| 630 | 0 | 7 |
_aBiblia. _pEpístolas Paulinas |
| 942 | _cBK | ||
| 945 | _aJTF-925 | ||
| 999 |
_c67530 _d67530 |
||